01445nam a2200313Ia 450000500170000000800410001702000180005810000290007624501830010525000360028830000480032453400430037260000830041565000480049865000480054665000480059470000440064270000640068670000450075094200150079526400330081033600270084333700330087033800280090304000350093108400120096699900150097895201380099320220317001528.0161108s2014 ck a g 000 j s  a97895830441751 aMongin, Jean Pauld1979-13aEl genio travieso de Descartesb(según las Meditaciones metafísicas)ccontado por Jean-Paul Mongin ; ilustrado por Fran{dot}ois Schwoebel ; traducción María Pilar Queralt a1a. edición, 1a reimpresión a63 páginasbilustraciones en colorc21 cm tLe malin génie de monsieur Descartes14aDescartes, Rened1596-1650vCuentos juvenilesxPensamiento filosófico975055142LEMBaCuentos juveniles francesesySiglo XX142LEMBaLiteratura juvenil francesaySiglo XX142LEMBaFilosofía francesa en la literatura1 aSchwoebel, Francoiseeilustrador9750561 aQueralt del Hierro, María Pilard1951-etraductora9750571 aCardozo Tovar, César A.eeditor975058 2loccBKLIT aBogotábPanamericanac2014 atextobtxt2rdacontent asin mediaciónbn2rdamedia avolumenbnc2rdacarrier aCO-BoRNBPbspaerdacCO-BoRNBP aC MON26 c7255d7255 001040708InfPoTiaMEVIGERRbMEVIGERRcSInfd2020-02-06oC MON15gpECA640r2024-11-26 09:29:43tEj.1w2024-11-26yBKz20520 | 26474